Les 30 plus gros transfert de l'histoire du foot - Statistiques

Statistiques générales
  • Ce quiz a été pris 133 fois
  • Le résultat moyen est 19 sur 30
Statistiques - réponses
Nom du joueur Nationalité Venant de Allant a Montant Date % Correct
2 Kylian Mbappé France AS Monaco Paris SG 180 millions 2018
99%
1 Neymar Brésil FC Barcelone Paris SG 222 millions 2017
99%
22 Neymar Brésil Paris SG Al-Hilal FSC 90 millions 2023
99%
24 Neymar Brésil FC Santos FC Barcelone 88 millions 2013
99%
10 Cristiano Ronaldo Portugal Real Madrid CF Juventus 117 millions 2018
83%
4 Ousmane Dembélé France Dortmunt FC Barcelone 135 millions 2017
83%
8 Antoine Griezmann France Atletico Madrid FC Barcelone 120 millions 2019
77%
7 Eden Hazard Belgique Chelsea FC Real Madrid CF 120 millions 2019
71%
15 Paul Pogba France Juventus Manchester United 105 millions 2016
71%
16 Gareth Bale Pays de Galles Tottenham Real Madrid CF 101 millions 2013
67%
13 Jude Bellingham Angleterre Dortmunt Real Madrid CF 113 millions 2023
67%
17 Harry Kane Angleterre Tottenham Bayern Munich 95 millions 2023
66%
5 Joao Felix Portugal Benfica Atletico Madrid 127 millions 2019
66%
9 Jack Grealish Angleterre Aston Villa Manchester City 117 millions 2021
65%
18 Randal Kolo Muani France Francfort Paris SG 95 millions 2023
65%
6 Enzo Fernandez Argentine Benfica Chelsea FC 121 millions 2023
62%
14 Romelu Lukaku Belgique Inter Milan Chelsea FC 113 millions 2021
62%
30 Romelu Lukaku Belgique FC Everton Manchester United 84 millions 2017
62%
11 Declan Rice Angleterre West Ham United Arsenal FC 116 millions 2023
61%
19 Antony Brésil Ajax Amsterdam Manchester United 95 millions 2022
57%
3 Philippe Coutinho Brésil Liverpool FC FC Barcelone 135 millions 2018
57%
26 Frenkie De Jong Pays-Bas Ajax Amsterdam FC Barcelone 86 millions 2019
53%
29 Jadon Sancho Angleterre Dortmunt Manchester United 85 millions 2021
51%
28 Darwin Nunez Uruguay Benfica Liverpool FC 85 millions 2022
50%
25 Harry Maguire Angleterre Leicester City Manchester United 87 millions 2019
50%
21 Josko Gvardiol Croatie RB Leipzig Manchester City 90 millions 2023
50%
23 Gonzalo Higuain Argentine SSC Napoli Juventus 90 millions 2016
45%
12 Moises Caicedo Équateur Brighton Chelsea FC 116 millions 2023
45%
27 Matthijs De Ligt Pays-Bas Ajax Amsterdam Juventus 85 millions 2019
42%
20 Cristano Ronaldo Portugal Manchester United Real Madrid CF 94 millions 2009
5%
Aucun quiz correspondant
Distribution des résultats
% des personnes avec chaque résultat
Percentile par nombre de réponses
Votre historique - résultats
Vous n’avez pas pris ce quiz